[Event "Danmarksmesterskabet 2022"]
[Site "Svendborg"]
[Date "2022.04.09"]
[Round "1"]
[White "Percivaldi, Martin"]
[Black "Bjerre, Jonas Buhl"]
[Result "1/2-1/2"]
[WhiteElo "2399"]
[BlackElo "2611"]
[PlyCount "74"]
[EventDate "2022.04.09"]
[EventType "tourn"]
[EventRounds "9"]
[EventCountry "DEN"]

1. Nf3 Nf6 2. c4 e6 3. g3 d5 4. Bg2 Be7 5. O-O O-O 6. d4 c6 7. Nbd2 b6 8. Qc2
c5 9. cxd5 exd5 10. e4 Nc6 11. exd5 Nxd5 12. dxc5 bxc5 13. Nc4 Be6 14. b3 Ndb4
15. Qd2 Bf6 16. Qxd8 Raxd8 17. Bg5 Bxa1 18. Bxd8 Bc3 19. Bc7 Nd4 20. Bd6 Rc8
21. Ng5 Nxa2 22. Bb7 Rd8 23. Bxc5 Nxb3 24. Nxe6 fxe6 25. Be3 Bd4 26. Bg5 Rb8
27. Bf3 Rb4 28. Bg4 Nc5 29. Be7 Rxc4 30. Bxc5 Rxc5 31. Bxe6+ Kf8 32. Bxa2 Rc2
33. Bb1 Rb2 34. Bxh7 a5 35. Rc1 Bxf2+ 36. Kg2 Bd4+ 37. Rc2 Rxc2+ 1/2-1/2

[Event "Danmarksmesterskabet 2022"]
[Site "Svendborg"]
[Date "2022.04.09"]
[Round "1"]
[White "Thybo, Jesper Sondergaard"]
[Black "Haubro, Martin"]
[Result "1-0"]
[WhiteElo "2559"]
[BlackElo "2391"]
[PlyCount "95"]
[EventDate "2022.04.09"]
[EventType "tourn"]
[EventRounds "9"]
[EventCountry "DEN"]

1. Nf3 d5 2. g3 c6 3. Bg2 Bg4 4. h3 Bxf3 5. Bxf3 Nd7 6. d3 Ngf6 7. O-O e5 8. e4
dxe4 9. dxe4 Be7 10. Nd2 O-O 11. a4 a5 12. Qe2 Qc7 13. Nc4 Rfe8 14. h4 Nc5 15.
Bd2 b6 16. Bc3 Nfd7 17. Bg4 Bf8 18. Bh3 Rad8 19. Rfd1 Ne6 20. Rd3 Nd4 21. Bxd4
exd4 22. Rxd4 Bc5 23. Rd3 Nf6 24. e5 Rxd3 25. Qxd3 b5 26. exf6 bxc4 27. Qf3 Qe5
28. Rd1 Qxf6 29. Qxf6 gxf6 30. Bf1 c3 31. bxc3 Re4 32. Ra1 Re7 33. Bd3 Bd6 34.
Rb1 Be5 35. Rb3 h6 36. Kg2 Bc7 37. Rb7 Kf8 38. Ra7 Ke8 39. Kf3 Bd8 40. Ra6 Kd7
41. Be4 Re5 42. Bxc6+ Ke7 43. c4 Bc7 44. Bd5 Re1 45. c5 Ra1 46. Bb3 Rc1 47. Ra8
Ra1 48. Rh8 1-0

[Event "Danmarksmesterskabet 2022"]
[Site "Svendborg"]
[Date "2022.04.09"]
[Round "1"]
[White "Schandorff, Lars"]
[Black "Ochsner, Bjorn Moller"]
[Result "1/2-1/2"]
[WhiteElo "2475"]
[BlackElo "2506"]
[PlyCount "61"]
[EventDate "2022.04.09"]
[EventType "tourn"]
[EventRounds "9"]
[EventCountry "DEN"]

1. d4 d5 2. Nf3 Nf6 3. c4 e6 4. Nc3 Bb4 5. Qa4+ Nc6 6. e3 O-O 7. Qc2 Qe7 8. Bd2
dxc4 9. Bxc4 e5 10. O-O exd4 11. Nxd4 Nxd4 12. exd4 c6 13. Bf4 Bg4 14. h3 Bh5
15. Rfe1 Qd8 16. Qb3 a5 17. a3 Bd6 18. Be5 b5 19. Bf1 Bg6 20. Qd1 Rc8 21. Qf3
Be7 22. Rac1 Qd7 23. Bd3 Bxd3 24. Qxd3 b4 25. axb4 axb4 26. Na4 Nd5 27. Nc5
Bxc5 28. dxc5 Rfe8 29. Bd6 Rxe1+ 30. Rxe1 Re8 31. Re4 1/2-1/2

[Event "Danmarksmesterskabet 2022"]
[Site "Svendborg"]
[Date "2022.04.09"]
[Round "1"]
[White "Boe Olsen, Filip"]
[Black "Hoi, Carsten"]
[Result "1-0"]
[WhiteElo "2402"]
[BlackElo "2359"]
[PlyCount "103"]
[EventDate "2022.04.09"]
[EventType "tourn"]
[EventRounds "9"]
[EventCountry "DEN"]

1. c4 e5 2. g3 Nc6 3. Bg2 g6 4. Nc3 Bg7 5. e3 Nge7 6. Nge2 O-O 7. O-O d6 8. d3
Be6 9. Nd5 Qd7 10. Rb1 Nd8 11. b4 Nxd5 12. cxd5 Bh3 13. b5 Bxg2 14. Kxg2 f5 15.
Qb3 Nf7 16. Bd2 Kh8 17. Rbc1 g5 18. f3 Nh6 19. Rc4 f4 20. exf4 gxf4 21. d4 Nf5
22. Rfc1 Rac8 23. a4 Qf7 24. dxe5 dxe5 25. Re4 Nd6 26. Rb4 Bf6 27. Be1 Rg8 28.
Nc3 Rg7 29. Ne4 Rcg8 30. Bf2 Bh4 31. Rc3 Nf5 32. g4 Bxf2 33. Kxf2 Qe7 34. Ke1
Nd4 35. Qb2 Qd8 36. Rc5 Nxf3+ 37. Kd1 b6 38. Rc3 Qxd5+ 39. Kc1 Nd4 40. Nf2 Qg2
41. Kb1 Qd5 42. Rbc4 Ne6 43. h4 Rxg4 44. Nxg4 Rxg4 45. Rc1 Nc5 46. Qc2 Qe6 47.
Re1 f3 48. Rxg4 Qxg4 49. Rxe5 Qg1+ 50. Ka2 Qg8+ 51. Ka3 Qg3 52. Qc3 1-0

[Event "Danmarksmesterskabet 2022"]
[Site "Svendborg"]
[Date "2022.04.09"]
[Round "1"]
[White "Borge, Nikolaj"]
[Black "Sylvan, Jacob"]
[Result "1/2-1/2"]
[WhiteElo "2403"]
[BlackElo "2319"]
[PlyCount "62"]
[EventDate "2022.04.09"]
[EventType "tourn"]
[EventRounds "9"]
[EventCountry "DEN"]

1. e4 c6 2. d4 d5 3. e5 c5 4. dxc5 e6 5. a3 Bxc5 6. Bd3 Ne7 7. Nf3 Ng6 8. O-O
Nc6 9. b4 Bb6 10. Bb2 O-O 11. c4 dxc4 12. Bxc4 Qxd1 13. Rxd1 Bc7 14. Re1 Rd8
15. g3 b6 16. h4 Bb7 17. Bf1 Ncxe5 18. Nxe5 Nxe5 19. Rxe5 Bxe5 20. Bxe5 Rd1 21.
a4 Rc8 22. Na3 Rxa1 23. Bxa1 Rc1 24. Bb2 Rd1 25. Nc4 Bf3 26. Ne3 Rb1 27. Bc3
Rb3 28. Bd2 Rb2 29. Bc3 Rb3 30. Bd2 Rb2 31. Bc3 Rb3 1/2-1/2

[Event "Danmarksmesterskabet 2022"]
[Site "Svendborg"]
[Date "2022.04.10"]
[Round "2"]
[White "Percivaldi, Martin"]
[Black "Thybo, Jesper Sondergaard"]
[Result "1/2-1/2"]
[WhiteElo "2399"]
[BlackElo "2559"]
[PlyCount "60"]
[EventDate "2022.04.09"]
[EventType "tourn"]
[EventRounds "9"]
[EventCountry "DEN"]

1. c4 c5 2. Nf3 Nc6 3. d4 cxd4 4. Nxd4 Qb6 5. Nb3 e6 6. e4 Nf6 7. Nc3 Bb4 8.
Bd3 Ne5 9. O-O Qd6 10. Bf4 Bxc3 11. bxc3 Qxd3 12. Bxe5 Qxd1 13. Rfxd1 Nxe4 14.
Bxg7 Rg8 15. Bd4 b6 16. f3 Nd6 17. c5 Nf5 18. Kf2 Bb7 19. cxb6 Nxd4 20. Rxd4
axb6 21. Rb4 Ra6 22. a4 Kd8 23. a5 Kc7 24. axb6+ Rxb6 25. Rxb6 Kxb6 26. Ra4 Rc8
27. Rb4+ Ka7 28. c4 d6 29. Ke3 e5 30. g4 d5 1/2-1/2

[Event "Danmarksmesterskabet 2022"]
[Site "Svendborg"]
[Date "2022.04.10"]
[Round "2"]
[White "Haubro, Martin"]
[Black "Schandorff, Lars"]
[Result "1-0"]
[WhiteElo "2391"]
[BlackElo "2475"]
[PlyCount "103"]
[EventDate "2022.04.09"]
[EventType "tourn"]
[EventRounds "9"]
[EventCountry "DEN"]

1. e4 e5 2. Nf3 Nc6 3. Bb5 a6 4. Ba4 Nf6 5. O-O Be7 6. Re1 b5 7. Bb3 d6 8. c3
O-O 9. h3 Nb8 10. d4 Nbd7 11. Nbd2 c5 12. d5 Nb6 13. Nf1 Re8 14. Ng3 g6 15. Bh6
Bf8 16. Qc1 Bg7 17. Bc2 Qe7 18. Bd3 Bxh6 19. Qxh6 Qf8 20. Qe3 Kh8 21. Nd2 Ng8
22. f4 Qh6 23. fxe5 Qxe3+ 24. Rxe3 Rxe5 25. Rf3 Kg7 26. b3 Re7 27. a4 Bd7 28.
axb5 Bxb5 29. Ra5 Bxd3 30. Rxd3 Nf6 31. Rf3 Ne8 32. Rf1 Nc7 33. b4 c4 34. Rf3
Nb5 35. Kf2 Rc7 36. Ke2 Nd7 37. Kd1 Ne5 38. Re3 Re7 39. Kc2 Nc7 40. Ne2 Rf8 41.
Nd4 Kh6 42. N4f3 Rfe8 43. Nxe5 Rxe5 44. Nxc4 Rxe4 45. Rxe4 Rxe4 46. Nxd6 Re2+
47. Kd3 Rxg2 48. Rc5 Rg3+ 49. Kc4 Na8 50. Rc6 Rxh3 51. Rxa6 Nc7 52. Rc6 1-0

[Event "Danmarksmesterskabet 2022"]
[Site "Svendborg"]
[Date "2022.04.10"]
[Round "2"]
[White "Ochsner, Bjorn Moller"]
[Black "Boe Olsen, Filip"]
[Result "1/2-1/2"]
[WhiteElo "2506"]
[BlackElo "2402"]
[PlyCount "149"]
[EventDate "2022.04.09"]
[EventType "tourn"]
[EventRounds "9"]
[EventCountry "DEN"]

1. e4 c5 2. Nf3 d6 3. d4 cxd4 4. Nxd4 Nf6 5. Nc3 a6 6. h3 e5 7. Nde2 h5 8. g3
Be7 9. Bg2 b5 10. Nd5 Nbd7 11. Nec3 Nxd5 12. Nxd5 h4 13. g4 Bb7 14. O-O O-O 15.
c3 Bxd5 16. Qxd5 Nb6 17. Qd3 Bg5 18. Bxg5 Qxg5 19. Qxd6 Nc4 20. Qb4 Rfd8 21. a4
Rd2 22. Qc5 Rad8 23. axb5 axb5 24. b3 Nb2 25. Qxb5 Nd1 26. Qc5 Qf4 27. b4 R2d3
28. Ra5 Nxc3 29. Qxe5 Qd2 30. Kh1 Ne2 31. Rd5 Nf4 32. Rxd3 Nxd3 33. Qe7 Nxb4
34. Qxh4 Rc8 35. Qg3 Nd3 36. Qf3 Rc3 37. Qf5 Nf4 38. Ra1 Rc1+ 39. Rxc1 Qxc1+
40. Kh2 Qc7 41. Qb5 Ne2+ 42. e5 Nc3 43. Qe8+ Kh7 44. Bf1 Nd5 45. Kg1 Nf4 46.
Qb5 Qc3 47. Kh2 Qf3 48. Qb1+ Kg8 49. Qc2 Ne6 50. Qd2 Nf4 51. Qd8+ Kh7 52. Qh4+
Kg8 53. Qd8+ Kh7 54. Qh4+ Kg8 55. Qg3 Qe4 56. Qc3 Ng6 57. Qc8+ Kh7 58. e6 fxe6
59. Qc3 Nf4 60. Kg3 e5 61. Qe3 Qd5 62. h4 Qh1 63. Qxe5 Qxh4+ 64. Kf3 g5 65.
Qe7+ Kg6 66. Qd6+ Kg7 67. Qe5+ Kg6 68. Qf5+ Kg7 69. Qd7+ Kf6 70. Qd4+ Ke7 71.
Qg7+ Kd6 72. Qf8+ Ke5 73. Qg7+ Kd5 74. Ke3 Qxg4 75. Qd4+ 1/2-1/2

[Event "Danmarksmesterskabet 2022"]
[Site "Svendborg"]
[Date "2022.04.10"]
[Round "2"]
[White "Hoi, Carsten"]
[Black "Borge, Nikolaj"]
[Result "1-0"]
[WhiteElo "2359"]
[BlackElo "2403"]
[PlyCount "95"]
[EventDate "2022.04.09"]
[EventType "tourn"]
[EventRounds "9"]
[EventCountry "DEN"]

1. d4 d5 2. Nf3 Nf6 3. e3 c5 4. b3 Nc6 5. Bb2 e6 6. Bd3 Qc7 7. a3 Bd6 8. O-O
O-O 9. c4 cxd4 10. exd4 b6 11. Re1 Bb7 12. Nc3 a6 13. Na4 dxc4 14. bxc4 b5 15.
cxb5 axb5 16. Nc5 Na7 17. Rc1 Qe7 18. Nxb7 Qxb7 19. Ng5 Bf4 20. Rc5 Rad8 21.
Ne4 Nd5 22. Qf3 Qb8 23. g3 Bh6 24. h4 Rc8 25. Ng5 g6 26. Rec1 b4 27. a4 Bg7 28.
h5 Rxc5 29. Rxc5 Qd8 30. Ne4 f5 31. Nd2 Qg5 32. Nb3 gxh5 33. Bc4 Nc3 34. Bxe6+
Kh8 35. Rxf5 Rxf5 36. Bxf5 Nc6 37. Bxc3 bxc3 38. Qxc6 Qxf5 39. Qxc3 h4 40. gxh4
Bf6 41. Qg3 Qh5 42. a5 Qd1+ 43. Kg2 Qe2 44. Qf3 Qe7 45. a6 Qf7 46. a7 h5 47.
a8=Q+ Bd8 48. Qxd8+ 1-0

[Event "Danmarksmesterskabet 2022"]
[Site "Svendborg"]
[Date "2022.04.10"]
[Round "2"]
[White "Bjerre, Jonas Buhl"]
[Black "Sylvan, Jacob"]
[Result "1-0"]
[WhiteElo "2611"]
[BlackElo "2319"]
[PlyCount "81"]
[EventDate "2022.04.09"]
[EventType "tourn"]
[EventRounds "9"]
[EventCountry "DEN"]

1. d4 Nf6 2. c4 b6 3. Nc3 Bb7 4. Qc2 d5 5. cxd5 Nxd5 6. e4 Nxc3 7. bxc3 e5 8.
Nf3 exd4 9. Bc4 Nc6 10. O-O d3 11. Bxd3 Qe7 12. Re1 O-O-O 13. e5 h6 14. a4 Kb8
15. a5 Nxa5 16. Nd4 Nc6 17. Qa4 Rxd4 18. cxd4 Qb4 19. Be3 Qxa4 20. Rxa4 Nb4 21.
Bc4 Nd5 22. Bd2 Be7 23. Ra2 Rd8 24. Rc2 a5 25. f4 Nb4 26. Bxb4 Bxb4 27. Rd1 Bd5
28. Bxd5 Rxd5 29. Kf2 Be7 30. Ke3 a4 31. Ke4 Rd7 32. d5 a3 33. Rdc1 b5 34. f5
b4 35. e6 fxe6 36. fxe6 Rd8 37. Rxc7 Bf6 38. e7 Bxe7 39. Rxe7 a2 40. Kd4 b3 41.
Re3 1-0

[Event "Danmarksmesterskabet 2022"]
[Site "Svendborg"]
[Date "2022.04.11"]
[Round "3"]
[White "Schandorff, Lars"]
[Black "Percivaldi, Martin"]
[Result "1-0"]
[WhiteElo "2475"]
[BlackElo "2399"]
[PlyCount "75"]
[EventDate "2022.04.09"]
[EventType "tourn"]
[EventRounds "9"]
[EventCountry "DEN"]

1. Nf3 d5 2. e3 Nf6 3. c4 e6 4. Nc3 Be7 5. b3 O-O 6. Bb2 b6 7. cxd5 exd5 8. d4
Bb7 9. Bd3 Nbd7 10. O-O a6 11. Qc2 Bd6 12. Rac1 Re8 13. Ne2 c6 14. Bf5 Qe7 15.
Rfd1 Rad8 16. Nc3 g6 17. Bh3 h5 18. Re1 c5 19. Rcd1 c4 20. bxc4 dxc4 21. e4
Bxe4 22. Nxe4 Nxe4 23. Nd2 Ndf6 24. Nxe4 Nxe4 25. f3 Bxh2+ 26. Kxh2 Qc7+ 27.
Kg1 Ng5 28. Qf2 c3 29. Bc1 Nxh3+ 30. gxh3 Qc4 31. Re4 f5 32. Re3 c2 33. Rd2
Rxe3 34. Qxe3 Qxa2 35. d5 Qb1 36. Qe6+ Kh7 37. Qe7+ Kh6 38. Rd1+ 1-0

[Event "Danmarksmesterskabet 2022"]
[Site "Svendborg"]
[Date "2022.04.11"]
[Round "3"]
[White "Thybo, Jesper Sondergaard"]
[Black "Bjerre, Jonas Buhl"]
[Result "1-0"]
[WhiteElo "2559"]
[BlackElo "2611"]
[PlyCount "79"]
[EventDate "2022.04.09"]
[EventType "tourn"]
[EventRounds "9"]
[EventCountry "DEN"]

1. Nf3 c5 2. c4 Nc6 3. d4 cxd4 4. Nxd4 Nf6 5. Nc3 e6 6. Nxc6 bxc6 7. e4 e5 8.
Qd3 Bc5 9. Be3 Qb6 10. Bxc5 Qxc5 11. Be2 O-O 12. O-O Rd8 13. Rfd1 Rb8 14. a3
Qe7 15. b4 a5 16. b5 cxb5 17. cxb5 Bb7 18. a4 Qb4 19. Nd5 Bxd5 20. exd5 Rdc8
21. d6 Rc3 22. Qf5 e4 23. Qf4 Rbc8 24. Bf1 h5 25. h3 Qc5 26. Rab1 Qb6 27. Re1
Qd4 28. b6 Rb8 29. b7 Rc6 30. Rec1 Rxc1 31. Qxc1 Qxd6 32. Qc3 Qc6 33. Qxa5 d5
34. Qa7 Nd7 35. a5 Qc2 36. Rb5 Qd2 37. a6 d4 38. Qxb8+ Nxb8 39. a7 Qf4 40. Rf5
1-0

[Event "Danmarksmesterskabet 2022"]
[Site "Svendborg"]
[Date "2022.04.11"]
[Round "3"]
[White "Boe Olsen, Filip"]
[Black "Haubro, Martin"]
[Result "0-1"]
[WhiteElo "2402"]
[BlackElo "2391"]
[PlyCount "106"]
[EventDate "2022.04.09"]
[EventType "tourn"]
[EventRounds "9"]
[EventCountry "DEN"]

1. d4 Nf6 2. c4 e6 3. Nc3 Bb4 4. e3 O-O 5. Bd2 d5 6. Nf3 b6 7. Rc1 a6 8. cxd5
exd5 9. Bd3 Bb7 10. Ne5 Bd6 11. O-O c5 12. f4 Ne4 13. Be1 Nd7 14. Bb1 Ndf6 15.
Bh4 Re8 16. Nxe4 dxe4 17. Qb3 Re7 18. Nc4 cxd4 19. Qxb6 Qxb6 20. Nxb6 Rd8 21.
exd4 Bc7 22. Nc4 Rxd4 23. Bf2 Rd5 24. Ne5 Bxe5 25. fxe5 Rdxe5 26. Bd4 Rd5 27.
Be3 h6 28. b4 Ng4 29. Bc5 Re8 30. h3 Nf6 31. Be3 Rd7 32. Bc2 Bc6 33. Bb3 Bb5
34. Rfe1 Nd5 35. Bc5 Nf4 36. Rc2 Nd3 37. Re3 Nxc5 38. Rxc5 g6 39. a4 Bd3 40.
Bd5 Rd6 41. b5 axb5 42. axb5 Kg7 43. Bc6 Rc8 44. g4 Bxb5 45. Rxb5 Rcxc6 46.
Rxe4 Rd3 47. h4 Rc2 48. Rb1 Rg3+ 49. Kh1 Rh3+ 50. Kg1 Rxh4 51. Rbe1 h5 52. gxh5
Rxh5 53. Rf4 Ra5 0-1

[Event "Danmarksmesterskabet 2022"]
[Site "Svendborg"]
[Date "2022.04.11"]
[Round "3"]
[White "Borge, Nikolaj"]
[Black "Ochsner, Bjorn Moller"]
[Result "1-0"]
[WhiteElo "2403"]
[BlackElo "2506"]
[PlyCount "75"]
[EventDate "2022.04.09"]
[EventType "tourn"]
[EventRounds "9"]
[EventCountry "DEN"]

1. e4 c5 2. Nf3 d6 3. d4 cxd4 4. Nxd4 Nf6 5. Nc3 Nc6 6. Bc4 e6 7. Be3 Be7 8.
Qe2 a6 9. O-O-O Qc7 10. Bb3 O-O 11. Rhg1 b5 12. g4 Na5 13. g5 Nd7 14. Bd5 b4
15. Nxe6 Qb8 16. Nxf8 bxc3 17. b4 Nxf8 18. Bxa8 Qxa8 19. bxa5 Qxe4 20. Rd4 Qb7
21. Qd3 Qb2+ 22. Kd1 d5 23. Bc1 Qa1 24. Rxd5 Be6 25. Rd4 Ba3 26. Ke2 Bc5 27.
Rc4 Ba3 28. Bxa3 Qxg1 29. Rxc3 Bg4+ 30. f3 Qxh2+ 31. Kd1 Qg1+ 32. Kd2 Be6 33.
Qd8 Qf2+ 34. Kc1 Qf1+ 35. Qd1 Qb5 36. Qd6 Qf1+ 37. Kb2 Qb5+ 38. Rb3 1-0

[Event "Danmarksmesterskabet 2022"]
[Site "Svendborg"]
[Date "2022.04.12"]
[Round "4"]
[White "Percivaldi, Martin"]
[Black "Boe Olsen, Filip"]
[Result "1-0"]
[WhiteElo "2399"]
[BlackElo "2402"]
[PlyCount "43"]
[EventDate "2022.04.09"]
[EventType "tourn"]
[EventRounds "9"]
[EventCountry "DEN"]

1. d4 Nf6 2. c4 e6 3. Nf3 d5 4. Nc3 dxc4 5. e4 b5 6. e5 Nd5 7. Nxb5 Nb6 8. Be2
Nc6 9. O-O Be7 10. Qd2 O-O 11. Qf4 Nb4 12. Qg4 Kh8 13. Rd1 Nd3 14. Bxd3 cxd3
15. a4 Ba6 16. Rxd3 f5 17. exf6 Rxf6 18. Ne5 Qf8 19. Rh3 Kg8 20. Nxc7 Rc8 21.
Nxa6 Rc2 22. Qe4 1-0

[Event "Danmarksmesterskabet 2022"]
[Site "Svendborg"]
[Date "2022.04.12"]
[Round "4"]
[White "Thybo, Jesper Sondergaard"]
[Black "Schandorff, Lars"]
[Result "1-0"]
[WhiteElo "2559"]
[BlackElo "2475"]
[PlyCount "57"]
[EventDate "2022.04.09"]
[EventType "tourn"]
[EventRounds "9"]
[EventCountry "DEN"]

1. Nf3 d5 2. g3 b6 3. Bg2 Bb7 4. c4 dxc4 5. Qa4+ Nd7 6. Qxc4 e6 7. O-O Ngf6 8.
b3 Bd6 9. Bb2 O-O 10. d4 Qe7 11. Nbd2 c5 12. dxc5 Bxc5 13. a3 Rac8 14. Qh4 b5
15. b4 Bd6 16. Rfc1 e5 17. Qg5 Rxc1+ 18. Rxc1 Rc8 19. Nh4 Rxc1+ 20. Bxc1 Bxg2
21. Nf5 Qf8 22. Kxg2 Bc7 23. Nf3 Kh8 24. Bb2 Nd5 25. Qc1 Qb8 26. Qc6 N5f6 27.
Ng5 Kg8 28. Ne7+ Kf8 29. Nd5 1-0

[Event "Danmarksmesterskabet 2022"]
[Site "Svendborg"]
[Date "2022.04.12"]
[Round "4"]
[White "Haubro, Martin"]
[Black "Borge, Nikolaj"]
[Result "1-0"]
[WhiteElo "2391"]
[BlackElo "2403"]
[PlyCount "103"]
[EventDate "2022.04.09"]
[EventType "tourn"]
[EventRounds "9"]
[EventCountry "DEN"]

1. e4 e5 2. Nf3 Nc6 3. Bb5 a6 4. Ba4 Nf6 5. O-O Nxe4 6. d4 b5 7. Bb3 d5 8. dxe5
Be6 9. Nbd2 Be7 10. c3 Nc5 11. Bc2 d4 12. cxd4 Nxd4 13. Nxd4 Qxd4 14. Nf3 Qxd1
15. Rxd1 Bg4 16. Be3 O-O 17. h3 Bxf3 18. gxf3 Rfd8 19. f4 a5 20. Rac1 Na6 21.
Bd3 Rab8 22. Be2 Rxd1+ 23. Rxd1 a4 24. a3 Kf8 25. f5 f6 26. e6 c6 27. Bf3 Rc8
28. Rd7 b4 29. Ra7 bxa3 30. bxa3 Nc7 31. Bxc6 Bd6 32. Bxa4 Nd5 33. Rf7+ Kg8 34.
Rd7 Nxe3 35. fxe3 Bxa3 36. Bb3 Kf8 37. Rf7+ Kg8 38. e7 Bxe7 39. Rxe7+ Kh8 40.
Bf7 Rc1+ 41. Kf2 h5 42. h4 Rc8 43. Re8+ Rxe8 44. Bxe8 Kh7 45. Bxh5 Kh6 46. Bg4
Kh7 47. Kf3 Kg8 48. Ke4 Kh8 49. Kd5 Kg8 50. Ke6 Kh7 51. Kf7 Kh8 52. Kg6 1-0

[Event "Danmarksmesterskabet 2022"]
[Site "Svendborg"]
[Date "2022.04.12"]
[Round "4"]
[White "Ochsner, Bjorn Moller"]
[Black "Sylvan, Jacob"]
[Result "1-0"]
[WhiteElo "2506"]
[BlackElo "2319"]
[PlyCount "57"]
[EventDate "2022.04.09"]
[EventType "tourn"]
[EventRounds "9"]
[EventCountry "DEN"]

1. e4 e5 2. Nf3 Nc6 3. Bc4 Nf6 4. d3 Be7 5. O-O O-O 6. Re1 d6 7. a4 Na5 8. Ba2
c5 9. Na3 h6 10. c3 Nc6 11. Nc2 a6 12. h3 Be6 13. Ne3 Qd7 14. Nd5 Bd8 15. Nh2
Bxd5 16. exd5 Ne7 17. Qf3 Qxa4 18. Bxh6 Qh4 19. Bd2 Nd7 20. d4 cxd4 21. Re4 Qh7
22. cxd4 f5 23. Rxe5 dxe5 24. d6+ Kh8 25. dxe7 Bxe7 26. Qxb7 Rfd8 27. Ba5 exd4
28. Bxd8 Rxd8 29. Be6 1-0

[Event "Danmarksmesterskabet 2022"]
[Site "Svendborg"]
[Date "2022.04.12"]
[Round "4"]
[White "Bjerre, Jonas Buhl"]
[Black "Hoi, Carsten"]
[Result "1-0"]
[WhiteElo "2611"]
[BlackElo "2359"]
[PlyCount "89"]
[EventDate "2022.04.09"]
[EventType "tourn"]
[EventRounds "9"]
[EventCountry "DEN"]

1. d4 Nf6 2. c4 g6 3. Nc3 Bg7 4. e4 d6 5. Nf3 O-O 6. Be2 e5 7. O-O Nc6 8. d5
Ne7 9. b4 Nh5 10. c5 Nf4 11. a4 f5 12. Bc4 fxe4 13. Nxe4 Bg4 14. Ra3 Nf5 15. h3
Bh5 16. Kh1 Nxg2 17. Bg5 Qc8 18. Kxg2 h6 19. Bd2 Nh4+ 20. Nxh4 Bxd1 21. Rxd1 g5
22. Nf3 Qf5 23. Re1 Qg6 24. Nh2 Kh8 25. Rg3 Rf4 26. Bxf4 exf4 27. Rd3 Re8 28.
f3 Qh5 29. Ng4 Qg6 30. Re2 a5 31. cxd6 cxd6 32. bxa5 Rc8 33. Bb5 h5 34. Ngf2
Be5 35. a6 bxa6 36. Bxa6 Rc1 37. Rb3 Qg8 38. Nd3 Rc7 39. Nxe5 dxe5 40. d6 Ra7
41. Reb2 Ra8 42. Be2 g4 43. fxg4 hxg4 44. hxg4 Kg7 45. Rb7+ 1-0

[Event "Danmarksmesterskabet 2022"]
[Site "Svendborg"]
[Date "2022.04.13"]
[Round "5"]
[White "Borge, Nikolaj"]
[Black "Percivaldi, Martin"]
[Result "0-1"]
[WhiteElo "2403"]
[BlackElo "2399"]
[PlyCount "78"]
[EventDate "2022.04.09"]
[EventType "tourn"]
[EventRounds "9"]
[EventCountry "DEN"]

1. e4 e5 2. Nf3 Nc6 3. Bc4 Bc5 4. O-O Nf6 5. d3 O-O 6. c3 d5 7. exd5 Nxd5 8. b4
Be7 9. b5 Na5 10. Nxe5 Bf6 11. f4 Bxe5 12. fxe5 Nxc3 13. Nxc3 Qd4+ 14. Rf2 Nxc4
15. dxc4 Qxc3 16. Bb2 Qxc4 17. Rc1 Qxb5 18. Rxc7 Be6 19. Qf3 Qa5 20. Re7 Qxa2
21. h3 Qd5 22. Qe3 a5 23. Rd2 Qb5 24. Ba3 Qb1+ 25. Kh2 b5 26. Rb2 Qf1 27. Rf2
Qc4 28. Bd6 Rfe8 29. Rc7 Qb3 30. Rc3 Qb1 31. Qf4 Rac8 32. Rg3 g6 33. Rf1 Qc2
34. Qh6 Rc3 35. Rxf7 Bxf7 36. e6 Bxe6 37. Be5 Rc7 38. h4 Bf5 39. Rc3 Qxc3 0-1

[Event "Danmarksmesterskabet 2022"]
[Site "Svendborg"]
[Date "2022.04.13"]
[Round "5"]
[White "Boe Olsen, Filip"]
[Black "Thybo, Jesper Sondergaard"]
[Result "1/2-1/2"]
[WhiteElo "2402"]
[BlackElo "2559"]
[PlyCount "64"]
[EventDate "2022.04.09"]
[EventType "tourn"]
[EventRounds "9"]
[EventCountry "DEN"]

1. d4 Nf6 2. c4 e6 3. Nc3 Bb4 4. Qc2 d5 5. a3 Bxc3+ 6. Qxc3 Ne4 7. Qc2 c5 8.
dxc5 Nc6 9. e3 Qa5+ 10. Bd2 Nxd2 11. Qxd2 dxc4 12. Rc1 Qxc5 13. Bxc4 Qa5 14.
Nf3 Qxd2+ 15. Kxd2 Ke7 16. Rhd1 Rd8+ 17. Ke1 Rxd1+ 18. Rxd1 Bd7 19. Bb5 a6 20.
Ba4 f6 21. Nd4 b5 22. Bc2 Rc8 23. Be4 Nxd4 24. Rxd4 f5 25. Bb1 g6 26. Rd2 Rc1+
27. Rd1 Rc4 28. Bd3 Rc5 29. Rd2 e5 30. Rc2 Rd5 31. Be2 Kd6 32. h4 h6 1/2-1/2

[Event "Danmarksmesterskabet 2022"]
[Site "Svendborg"]
[Date "2022.04.13"]
[Round "5"]
[White "Schandorff, Lars"]
[Black "Bjerre, Jonas Buhl"]
[Result "1/2-1/2"]
[WhiteElo "2475"]
[BlackElo "2611"]
[PlyCount "61"]
[EventDate "2022.04.09"]
[EventType "tourn"]
[EventRounds "9"]
[EventCountry "DEN"]

1. d4 Nf6 2. Nf3 d5 3. c4 e6 4. Nc3 Bb4 5. Qa4+ Nc6 6. e3 O-O 7. Bd2 dxc4 8.
Bxc4 Bd6 9. Qc2 e5 10. dxe5 Nxe5 11. Nxe5 Bxe5 12. f4 Bxc3 13. Bxc3 Ng4 14. Bd4
c5 15. Bxc5 Re8 16. O-O Nxe3 17. Bxe3 Rxe3 18. Qf2 Qb6 19. Rfe1 Rxe1+ 20. Rxe1
Qxf2+ 21. Kxf2 Kf8 22. Bd5 Bd7 23. Rc1 Rc8 24. Rxc8+ Bxc8 25. Ke3 Ke7 26. a3 b6
27. Kd4 f6 28. Be4 h6 29. g3 Kd6 30. Bd5 Bd7 31. Be4 1/2-1/2

[Event "Danmarksmesterskabet 2022"]
[Site "Svendborg"]
[Date "2022.04.13"]
[Round "5"]
[White "Sylvan, Jacob"]
[Black "Haubro, Martin"]
[Result "0-1"]
[WhiteElo "2319"]
[BlackElo "2391"]
[PlyCount "88"]
[EventDate "2022.04.09"]
[EventType "tourn"]
[EventRounds "9"]
[EventCountry "DEN"]

1. e4 c5 2. Nc3 Nc6 3. Nf3 e5 4. Bc4 d6 5. d3 Be7 6. O-O h6 7. a3 Nf6 8. Nd2
Bg4 9. f3 Be6 10. Bd5 Qd7 11. Nc4 Nd4 12. Bxe6 fxe6 13. f4 exf4 14. e5 dxe5 15.
Nxe5 Qc7 16. Ng6 Rg8 17. Bxf4 Bd6 18. Bxd6 Qxd6 19. Ne4 Nxe4 20. dxe4 O-O-O 21.
c3 Nc6 22. Qb3 e5 23. Nh4 Rgf8 24. Nf5 Qd3 25. Rad1 c4 26. Rxd3 cxb3 27. Rd5 g6
28. Nd6+ Kc7 29. Nc4 Rxf1+ 30. Kxf1 Rxd5 31. exd5 b5 32. Ne3 Ne7 33. c4 Nf5 34.
Nxf5 gxf5 35. c5 h5 36. g3 a5 37. Ke2 a4 38. Kd3 e4+ 39. Kd4 b4 40. d6+ Kd8 41.
axb4 a3 42. b5 axb2 43. b6 b1=Q 44. b7 Qd3+ 0-1

[Event "Danmarksmesterskabet 2022"]
[Site "Svendborg"]
[Date "2022.04.13"]
[Round "5"]
[White "Hoi, Carsten"]
[Black "Ochsner, Bjorn Moller"]
[Result "0-1"]
[WhiteElo "2359"]
[BlackElo "2506"]
[PlyCount "60"]
[EventDate "2022.04.09"]
[EventType "tourn"]
[EventRounds "9"]
[EventCountry "DEN"]

1. d4 Nf6 2. c4 e6 3. Nc3 Bb4 4. e3 O-O 5. Bd3 d5 6. Nf3 b6 7. O-O Bb7 8. cxd5
exd5 9. a3 Bd6 10. b4 a6 11. Ne5 c5 12. bxc5 bxc5 13. Rb1 Ra7 14. f4 Qc7 15.
Bd2 Ne4 16. Bxe4 dxe4 17. Qb3 cxd4 18. exd4 Nc6 19. Ne2 Ne7 20. f5 Bd5 21. Qg3
f6 22. Nc3 Bc4 23. Nxe4 Bxf1 24. Qb3+ Kh8 25. Nf7+ Rxf7 26. Qxf7 Bc4 27. Qf8+
Bg8 28. Nxf6 Qc4 29. Ne8 Qxd4+ 30. Kh1 Nxf5 0-1

[Event "Danmarksmesterskabet 2022"]
[Site "Svendborg"]
[Date "2022.04.14"]
[Round "6"]
[White "Percivaldi, Martin"]
[Black "Sylvan, Jacob"]
[Result "1/2-1/2"]
[WhiteElo "2399"]
[BlackElo "2319"]
[PlyCount "66"]
[EventDate "2022.04.09"]
[EventType "tourn"]
[EventRounds "9"]
[EventCountry "DEN"]

1. d4 d5 2. c4 e6 3. Nf3 Nf6 4. Nc3 dxc4 5. e4 b5 6. e5 Nd5 7. Nxb5 Nb6 8. Be2
Nc6 9. Nc3 Be7 10. Be3 O-O 11. a3 Bb7 12. Qc2 Rb8 13. h4 f5 14. exf6 gxf6 15.
Rd1 Na5 16. Bh6 Rf7 17. Rh3 Bf8 18. Rg3+ Kh8 19. Qc1 Nd5 20. Bxf8 Qxf8 21. Ne4
Rg7 22. Kf1 Rxg3 23. Nxg3 Bc6 24. Qd2 Nb3 25. Qc2 Na5 26. Nd2 Qh6 27. Nxc4 Nxc4
28. Qxc4 Bb5 29. Qc2 Qxh4 30. Bxb5 Rxb5 31. Qc6 Qg4 32. Re1 Rxb2 33. Qxe6 Qxe6
1/2-1/2